Rethinking marketing : sustainable market-ing enterprise in Asia.
| Main Author: | |
|---|---|
| Format: | Book |
| Published: |
Singapore:
Prentice Hall,
2003.
|
| Subjects: |
| LEADER | 00532cam a2200169 7i4500 | ||
|---|---|---|---|
| 001 | 0000018759 | ||
| 005 | 20070109090000.0 | ||
| 020 | 0 | 0 | |a 0130465445 |
| 090 | 0 | 0 | |a B 658.80095 |b KOT |
| 100 | 1 | 0 | |a Kotler |
| 245 | 1 | 0 | |a Rethinking marketing : |b sustainable market-ing enterprise in Asia. |
| 260 | 0 | 0 | |a Singapore: |b Prentice Hall, |c 2003. |
| 300 | # | # | |a 206 p. |
| 650 | 0 | 0 | |a Business enterprises -- |z Asia |
| 650 | 0 | 0 | |a Marketing -- |x Management -- |x Case studies -- |z Asia |
| 651 | 0 | 0 | |a Asia |
| 999 | |a B000019415 |b Book |c Book |e Business Information Centre | ||


